| 000 | 00440nam a22001697a 4500 | ||
|---|---|---|---|
| 999 |
_c10935 _d10935 |
||
| 003 | OSt | ||
| 008 | 210915b ||||| |||| 00| 0 eng d | ||
| 020 | _a9788126137947 | ||
| 082 |
_a658.3 _bSEE |
||
| 100 | _aSETHI, Sumit | ||
| 245 | _aEncyclopedia of Industrial Relations Management : Vol-2 | ||
| 250 | _a1st | ||
| 260 |
_bAnmol Publications _c2009 _aNew Delhi |
||
| 300 | _a298 | ||
| 650 | _aDictionary: Encyclopedia | ||
| 942 |
_2ddc _cBK |
||